Společenská zodpovědnost (corporate social responsibility) jako jeden z rysů firem v nové ekonomice

Pojem spoločenská zodpovenosť firiem. Firemná filantropia a firemné darcovstvo ako významný prvok konceptu spoločenskej zodpovednosti firiem. Efektívnosť a stabilita neziskových organizácií. Merateľné ukazovatele výkonnosti neziskových organizácií.

Guardado en:
Detalles Bibliográficos
Autor principal: Boukal, Petr
Otros Autores: Vávrová, Hana
Formato: Capítulo de libro
Lenguaje:checo
Materias:
Etiquetas: Agregar Etiqueta
Sin Etiquetas, Sea el primero en etiquetar este registro!

MARC

LEADER 00000naa$a2200000$$$4500
001 0088882
005 20231116104600.3
041 0 |a cze 
044 |a CZ 
245 1 0 |a Společenská zodpovědnost (corporate social responsibility) jako jeden z rysů firem v nové ekonomice  |c Petr Boukal, Hana Vávrová 
520 |a Pojem spoločenská zodpovenosť firiem. Firemná filantropia a firemné darcovstvo ako významný prvok konceptu spoločenskej zodpovednosti firiem. Efektívnosť a stabilita neziskových organizácií. Merateľné ukazovatele výkonnosti neziskových organizácií. 
610 2 0 |a zodpovednosť spoločenská 
610 2 0 |a organizácie neziskové 
610 2 0 |a výkony podnikové 
610 2 0 |a výkonnosť 
610 2 0 |a kapitál ľudský 
610 2 0 |a dary 
610 2 0 |a efektívnosť ekonomická 
100 1 |a Boukal, Petr 
700 1 |a Vávrová, Hana